000 00376nam a2200169Ia 4500
008 141014s9999||||xx |||||||||||||| ||und||
010 _a13038
020 _aS/ISBN
082 _a909.E.27
100 _aEfimov, Galkine Zoubok
245 _aHistoria Moderna
250 _aS/E
260 _aS/E
_cS/A
300 _a420
_c20 cm
650 _aHistoria Moderna
942 _cBK
999 _c13188
_d13188